| 000 | 00643nam a2200253 a 4500 | ||
|---|---|---|---|
| 003 | AR-BaBNM | ||
| 005 | 20251128204607.0 | ||
| 008 | 082120s2002 ||||||||||||||000 | spa|| | ||
| 020 | _a84-236-2559-1 | ||
| 040 | _cAR-BaBNM | ||
| 100 | 1 | _aAlcántara, Ricardo | |
| 245 | 0 | 0 | _a¡Huy, qué miedo! |
| 250 | _a2ª ed. | ||
| 260 |
_aBarcelona _bEdebé _c1991 |
||
| 300 |
_a40 p. _bil. |
||
| 490 | 0 |
_aTucán. Azul _vv. 1 |
|
| 500 | _aRecomendado para niños a partir de 6 años | ||
| 650 | 4 | _aLITERATURA INFANTIL | |
| 650 | 4 | _aLIBROS PARA NIÑOS | |
| 653 | _aCUENTOS DE MISTERIO | ||
| 655 | _aLITERATURA | ||
| 942 | _cBK | ||
| 998 | _cLAURA | ||
| 999 |
_c8059 _d8059 |
||